The mystery of Israel: (Record no. 10641)
[ view plain ]
| 000 -LEADER | |
|---|---|
| fixed length control field | 00663nam a2200217I 4500 |
| 001 - CONTROL NUMBER | |
| control field | 702245 |
| 003 - CONTROL NUMBER IDENTIFIER | |
| control field | OSt |
| 005 - DATE AND TIME OF LATEST TRANSACTION | |
| control field | 20210301151858.0 |
| 008 - FIXED-LENGTH DATA ELEMENTS--GENERAL INFORMATION | |
| fixed length control field | 730927|1966||||||| |||| ||eng|c |
| 040 ## - CATALOGING SOURCE | |
| Original cataloging agency | Cooperative Coll Lib Ctr,Atlanta |
| Transcribing agency | DDC |
| 050 ## - LIBRARY OF CONGRESS CALL NUMBER | |
| Item number | EL47M |
| 082 ## - DEWEY DECIMAL CLASSIFICATION NUMBER | |
| Item number | EL47M |
| 090 ## - LOCALLY ASSIGNED LC-TYPE CALL NUMBER (OCLC); LOCAL CALL NUMBER (RLIN) | |
| Classification number (OCLC) (R) ; Classification number, CALL (RLIN) (NR) | BS2665.3 |
| Local cutter number (OCLC) ; Book number/undivided call number, CALL (RLIN) | .E11 |
| 100 1# - MAIN ENTRY--PERSONAL NAME | |
| Personal name | Ellison, H. L. |
| Fuller form of name | (Henry Leopold), |
| Dates associated with a name | 1903- |
| 245 14 - TITLE STATEMENT | |
| Title | The mystery of Israel: |
| Remainder of title | an exposition of Romans 9-11, |
| Statement of responsibility, etc. | by H.L. Ellison |
| 260 ## - PUBLICATION, DISTRIBUTION, ETC. | |
| Place of publication, distribution, etc. | Grand Rapids, |
| Name of publisher, distributor, etc. | Eerdmans |
| Date of publication, distribution, etc. | [1966] |
| 300 ## - PHYSICAL DESCRIPTION | |
| Extent | 96 p. |
| Dimensions | 21 cm |
| 504 ## - BIBLIOGRAPHY, ETC. NOTE | |
| Bibliography, etc. note | Includes bibliographical references |
| 630 00 - SUBJECT ADDED ENTRY--UNIFORM TITLE | |
| Uniform title | Bible. |
| Name of part/section of a work | New Testament |
| -- | Romans IX-XI |
| General subdivision | Commentaries |
| 942 ## - ADDED ENTRY ELEMENTS (KOHA) | |
| Source of classification or shelving scheme | Dewey Decimal Classification |
| Koha item type | Books |
| Withdrawn status | Lost status | Source of classification or shelving scheme | Damaged status | Not for loan | Collection code | Home library | Current library | Shelving location | Date acquired | Total Checkouts | Full call number | Barcode | Date last seen | Price effective from | Koha item type |
|---|---|---|---|---|---|---|---|---|---|---|---|---|---|---|---|
| Dewey Decimal Classification | Non-fiction | Harvest Mission College | Harvest Mission College | General Stacks | 08.03.2021 | 227.1 EL47M | 012382 | 08.03.2021 | 08.03.2021 | Books |
